MARC details
| 000 -CABECERA |
| campo de control de longitud fija |
03644nam a2200349 a 4500 |
| 003 - IDENTIFICADOR DEL NÚMERO DE CONTROL |
| campo de control |
OSt |
| 005 - FECHA Y HORA DE LA ÚLTIMA TRANSACCIÓN |
| campo de control |
20241004113532.0 |
| 007 - CAMPO FIJO DE DESCRIPCIÓN FÍSICA--INFORMACIÓN GENERAL |
| campo de control de longitud fija |
cr ||||||a|c|a |
| 008 - DATOS DE LONGITUD FIJA--INFORMACIÓN GENERAL |
| campo de control de longitud fija |
240801s2021 mx a|||fom||| 001 0 spa d |
| 040 ## - FUENTE DE LA CATALOGACIÓN |
| Normas de descripción |
rda |
| 100 1# - ENTRADA PRINCIPAL--NOMBRE DE PERSONA |
| Nombre de persona |
Sánchez Sánchez, Zaira Sarahi |
| 9 (RLIN) |
189333 |
| 245 10 - MENCIÓN DE TÍTULO |
| Título |
Composición química de cuatro gramíneas forrajeras del Estado de Jalisco / |
| Mención de responsabilidad, etc. |
por Zaira Sarahi Sánchez Sánchez; director de tesis Sergio Ibán Mendoza Pedroza; secretario Eliseo Sosa Montes; vocal Jacinto Efrén Ramírez Bribiesca; suplente Fernando González Cerón; suplente Jose Melquiades Monzón Armenta. |
| 264 #1 - PRODUCCIÓN, PUBLICACIÓN, DISTRIBUCIÓN, FABRICACIÓN Y COPYRIGHT |
| Producción, publicación, distribución, fabricación y copyright |
Chapingo, México : |
| Nombre del de productor, editor, distribuidor, fabricante |
El autor, |
| Fecha de producción, publicación, distribución, fabricación o copyright |
2021. |
| 300 ## - DESCRIPCIÓN FÍSICA |
| Extensión |
1 recurso en línea (47 páginas): |
| Otras características físicas |
cuadros, figuras. |
| 336 ## - TIPO DE CONTENIDO |
| Fuente |
rdacontent |
| Término de tipo de contenido |
texto |
| Código de tipo de contenido |
txt |
| 337 ## - TIPO DE MEDIO |
| Fuente |
rdamedia |
| Nombre/término del tipo de medio |
computadora |
| Código del tipo de medio |
c |
| 338 ## - TIPO DE SOPORTE |
| Fuente |
rdacarrier |
| Nombre/término del tipo de soporte |
recurso en línea |
| Código del tipo de soporte |
cr |
| 502 ## - NOTA DE TESIS |
| Tipo de título |
Ingeniero Agrónomo Especialista en Zootecnia |
| Nombre de la institución que otorga el título |
Departamento de Enseñanza, Investigación y Servicio en Zootecnia, |
| Año de obtención del título |
2021. |
| Información miscelánea |
Licenciatura |
| 504 ## - NOTA DE BIBLIOGRAFÍA, ETC. |
| Nota de bibliografía, etc. |
Incluye referencias bibliográficas: páginas 34-37. |
| 520 ## - SUMARIO, ETC. |
| Sumario, etc. |
La alimentación constituye un 70% de los costos de producción, en el trópico mexicano la ganadería está basada en sistemas de producción extensivos, donde la mayor parte de la alimentación es obtenida a partir de los forrajes. Es importante conocer el contenido nutricional de los forrajes principalmente de: Cenchrus ciliaris L., Megathyrsus maximus (Jacq.) B.K. Simon & S.W.L Jacobs Var. Guinea, Ixophorus unisetus (J. Presl) Schltdl y Megathyrsus maximus CV. Tanzania, ya que son ejemplares establecidos y utilizados con frecuencia en el Trópico para la alimentación animal. Los forrajes cuatro ejemplares fueron analizados en laboratorio de Nutrición Animal del Departamento de Zootecnia de la Universidad Autónoma Chapingo, se determinó: Materia seca (MS), Cenizas (Ce), Proteína bruta (PB), Extracto etéreo (EE), Fibra detergente neutro (FDN), Fibra detergente acido (FDA) y celulosa (CEL). Las muestras fueron colectadas en los potreros del Rancho “San Luis Tenango” ubicado en Tonaya, Jalisco. El análisis de las muestras se hizo con tres repeticiones por muestra, cada repetición se tomó como una unidad experimental. Se utilizaron las medias de cada una de las variables estudiadas y fueron analizadas mediante la prueba de Tukey (P=0.05), mostrando que existen diferencias estadísticamente significativas en casi todas las variables evaluadas. Megathyrsus maximus (Jacq.) B.K. Simon & S.W.L Jacobs Var. Guinea fue la especie forrajera con mayor cantidad de PC (12.95%), seguida por Megathyrsus maximus CV. Tanzania con 8.73% PC. Megathyrsus maximus (Jaq.) B.K. Simon & S.W.L. Jacobs Var. Guinea tiene un porcentaje de cenizas de 11.70 siendo la especie con mayor porcentaje de cenizas. Especie con menor cantidad FDN es Ixophorus unisetus (J. Presl) Schltdl. y con menor contenido de celulosa es Megathyrsus maximus (Jaq.) B.K. Simon & S.W.L. Jacobs Var. Guinea, las especies mencionadas son las más digestibles. |
| 650 #4 - PUNTO DE ACCESO ADICIONAL DE MATERIA--TÉRMINO DE MATERIA |
| Término de materia o nombre geográfico como elemento de entrada |
Gramíneas forrajeras |
| Subdivisión general |
Valor nutritivo |
| 9 (RLIN) |
189292 |
| 650 #4 - PUNTO DE ACCESO ADICIONAL DE MATERIA--TÉRMINO DE MATERIA |
| Término de materia o nombre geográfico como elemento de entrada |
Materia seca |
| Subdivisión general |
Digestibilidad |
| 9 (RLIN) |
133616 |
| 650 #4 - PUNTO DE ACCESO ADICIONAL DE MATERIA--TÉRMINO DE MATERIA |
| Término de materia o nombre geográfico como elemento de entrada |
Plantas forrajeras |
| Subdivisión general |
Composición |
| 9 (RLIN) |
88953 |
| 650 #4 - PUNTO DE ACCESO ADICIONAL DE MATERIA--TÉRMINO DE MATERIA |
| Término de materia o nombre geográfico como elemento de entrada |
Plantas forrajeras |
| Subdivisión general |
Proteínas |
| 9 (RLIN) |
88978 |
| 700 1# - PUNTO DE ACCESO ADICIONAL--NOMBRE DE PERSONA |
| Nombre de persona |
Mendoza Pedroza, Sergio Ibán |
| 9 (RLIN) |
74719 |
| Término indicativo de función/relación |
Director de tesis. |
| 700 1# - PUNTO DE ACCESO ADICIONAL--NOMBRE DE PERSONA |
| Nombre de persona |
Sosa Montes, Eliseo |
| Término indicativo de función/relación |
Secretario. |
| 9 (RLIN) |
108816 |
| 700 1# - PUNTO DE ACCESO ADICIONAL--NOMBRE DE PERSONA |
| Nombre de persona |
Ramírez Bribiesca, Jacinto Efrén |
| 9 (RLIN) |
93897 |
| Término indicativo de función/relación |
Vocal. |
| 700 0# - PUNTO DE ACCESO ADICIONAL--NOMBRE DE PERSONA |
| Nombre de persona |
González Cerón, Fernando |
| 9 (RLIN) |
48783 |
| Término indicativo de función/relación |
Suplente. |
| 700 1# - PUNTO DE ACCESO ADICIONAL--NOMBRE DE PERSONA |
| Nombre de persona |
Monzón Armenta, José Melquiades |
| 9 (RLIN) |
78028 |
| Término indicativo de función/relación |
Suplente. |
| 856 ## - LOCALIZACIÓN Y ACCESO ELECTRÓNICOS |
| Identificador Uniforme del Recurso |
http://10.13.5.2/tesis/tl/2021_ZO_Sanchez_Sanchez_ZairaSarahi.pdf |
| Nota pública |
DESCARGAR PDF |
| 942 ## - ELEMENTOS DE PUNTO DE ACCESO ADICIONAL (KOHA) |
| Fuente del sistema de clasificación o colocación |
Clasificación Universidad Autónoma Chapingo |
| Tipo de ítem Koha |
Tesis digital |